000 02503cam a22004694i 4500
003 PE-LiUPU
005 20250731173345.0
008 150706s r 000 0 d
020 _a9780300141160
035 _a(Sirsi) i9780300141160
040 _aPE-LiUPU
_bspa
_cPE-LiUPU
_erda
049 _aPRUA
082 0 4 _a220.7
_bAB
_221
100 1 _aMarcus, Joel,
_eautor.
245 1 0 _aMark 8-16 :
_ba new translation with introduction and commentary /
_cJoel Marcus.
264 1 _aNew Haven, London :
_bDoubleday,
_c2009.
300 _a1182 páginas ;
_c24 centímetros
336 _atext
_2rdacontent
337 _aunmediated
_2rdamedia
338 _avolume
_2rdacarrier
490 0 _aThe Anchor Bible ;
_v27B
505 0 _aMark 8:22-16:8a translation -- Translation, notes, and comments -- Fourth major section (8:22-10:52) -- Introduction. On the Way: blindness and Sight -- Jesus heals a blind man in two stages (8:22-26) -- Jesus is recognized as messiah and prophesies his death and resurrection (8:27-33) -- Jesus proclaims the gains and losses in following him (8:34-9:1) -- The transfiguration (9:2-8) -- Jesus speaks of Elijah and the son of man (9: 9-13) -- Jesus heals an epileptic boy (9:14-29) -- Jesus again prophesies his death and resurrection (9:30-32) -- A collection of sayings on Christian living (9:33-50) -- Introduction -- Jesus talks about Greatness (9:33-37) -- Jesus rejects the exclusion of an Alien Exorcist (9:38-40) -- Jesus talks about reward and Punishment in the afterlife (9:41-50) -- Jesus argues the permanence of marriage (10:1-12) -- Jesus blesses children (10:13-16) -- Jesus Calls a Rich man (10:17-22) -- Jesus discusses Wealth (10:23-31)..
526 _aSEG42
526 _aSEG41
526 _aSEG40
526 _aSEG39
526 _aP94
526 _aP87
526 _aP86
526 _aP85
526 _aP77
526 _aP76
526 _aP35
541 _g48101-1479;
630 _aBiblia.
_pN.T.
_pMarcos
_xComentarios.
910 _agl
_bjv
_clch
_d20091120
942 _2ddc
_cBOOK
949 _a220.7 AB 27B
_wDEWEY
_c1
_i60650
_lCCODEBUL1
_mBUL
_p41.00
_r0
_sY
_tBOOK
_u2015-7-6
_xTEOLOGIA
_zUNKNOWN
_0COMPRA
_o.STAFF. Colección General
994 _aC0
_bPEPRU
596 _a1
999 _a220.7 AB 27B
_wDEWEY
_c50066
_i60650
_f2021-11-9
_g5
_lCCODEBUL1
_mBUL
_p41.00
_r0
_sY
_tBOOK
_u2015-7-6
_xTEOLOGIA
_zUNKNOWN
_0COMPRA
_o.STAFF. Colección General
_d50066
980 _81
_gALBERTO SANCHEZ Responsable de Automatización